000 01330nam a22001817a 4500
008 230923e20230908xxk|||||o|||| 00| 0 eng d
041 _aeng
110 _aRoyal Institution of Chartered Surveyors
245 _aUK Residential Market Survey
_bAugust 2023
_h[Electronic resource]
260 _aLondon,
_bRoyal Institution of Chartered Surveyors,
_cSeptember 2023
300 _a18p
490 _aRICS UK Residential Market Survey
520 _aThe Royal Institution of Chartered Surveyors (RICS) UK Residential Survey for August 2023 shows house prices under pressure in face of high mortgage rates while immense tenant demand creates imbalance in the lettings market. Looking at the data on home buyer demand, a headline net balance of -47% of respondents reported a decline in enquiries over the month. This is broadly in-line with the negative results returned for this metric in each of the previous two reports. Moreover, all parts of the UK continue to see a significant pull-back in demand according to the August results
651 _aUnited Kingdom
710 _aRoyal Institution of Chartered Surveyors
856 _uhttps://www.rics.org/content/dam/ricsglobal/documents/market-surveys/uk-residential-market-survey/8._WEB_August_2023_RICS_UK_Residential_Market_Survey_tp.pdf
_zAvailable free on RICS.org
942 _n0
999 _c121667
_d121667